000 00395nam a22001577a 4500
999 _c522757
_d522757
003 NUST
020 _a978969885004
038 _awaseem
082 _a954.9
_bPER
100 _aChaudhri, Fateh M.
_913041
245 _aPERSPECTIVES ON PAKISTAN /
_cFateh M. Chaudhri
260 _aRawalpindi :
_bAbdul Qadir Publication,
_c2018.
300 _a304 p. ;
500 _aPaperback.
942 _2ddc
_cBK